| 000 | 00789nam a22001697a 4500 | ||
|---|---|---|---|
| 003 | SGT | ||
| 020 | _a 9788120338487 | ||
| 082 | _a658.45,KAU | ||
| 100 | _aKAUL,ASHA | ||
| 245 | _aBUSINESS COMMUNICATION | ||
| 250 | _a2ND | ||
| 260 |
_aNEW DELHI _bPHI _c2014 |
||
| 300 | _a254 | ||
| 650 | _aMANAGEMENT | ||
| 653 | _a Chapter 1 COMMUNICATION: AN OVERVIEW Chapter 2 BARRIERS AND AIDS TO COMMUNICATION Chapter 3 LISTENING Chapter 4 PRESENTATION SKILLS Chapter 5 ASSERTIVENESS Chapter 6 BODY SPORT AND VOICE MODULATIONS Chapter 7 GROUP DISCUSSIONS AND INTERVIEWS CASE STUDY 1 The Eagle CASE STUDY 2 ABC Careers CASE STUDY 3 Kantha Industry CASE STUDY 4 TD Medical Transcription Company CASE STUDY 5 Kumarsons CASE STUDY 6 Phoenix Management Entrance Training Institute | ||
| 942 |
_2ddc _cFCM _02 |
||
| 999 |
_c8900 _d8900 |
||